000 00347nam a2200133Ia 4500
008 240624s9999 xx 000 0 und d
041 _aeng
082 _a338.95491 JOH
100 _aJOHN WILSON
245 _aPAKISTAN THE STRUGGLE WITHIN
260 _c2009
_aNew Delhi
_bPearson Longman
300 _axxvi, : 214 : p. : cm. ; 23
365 _cRS
_b30
999 _c15665
_d15665